| 000 | 00365nam a2200109Ia 4500 | ||
|---|---|---|---|
| 008 | 200302s9999 xx 000 0 und d | ||
| 100 | _aJay Thakkar & Other | ||
| 245 | _aSpace Making Craft Vol 2 Matra Ways of Measuring Vernacular Built Forms of Himachal Pradesh | ||
| 260 | _bSid Research Cell School Interior design Publishing | ||
| 260 | _c2008 | ||
| 300 | _a313 P., | ||
| 999 |
_c3180 _d3180 |
||